000 00996nas a2200289 a 4500
001 000108353
003 DLC
005 20220817044600.0
008 140130c19869999au r1p|r 0 0eng d
010 _a104815
011 _a105787
022 _a0169-5150
210 1 _aAgric. econ
245 0 0 _aAgricultural economics :
_bthe journal of the International Association of Agricultural Economists.
260 _aAmsterdam :
_bInternational Association of Agricultural Economists,
_c1986.
300 _av.
310 _aBimestral
362 1 _av. 37 1-3, 2007
500 _aInicia en (año)con el vol. #, no. #
530 _aA partir del v.&& n.&,&&& disponible en línea
590 _aE5765TAJ
_b10
_c20140130
_lUCH01
_h1312
650 1 4 _aAgricultura
_xAspectos económicos.
710 0 _aInternational Association for Agricultural Economists.
_959544
856 4 0 _3http://onlinelibrary.wiley.com/journal/10.1111/%28ISSN%291574-0862/issues
_zTeclea aqui
901 _aSE
942 _n0
999 _c104815
_d104815